Państwa Europy-DWIE PIERWSZE LITERY Z MAPĄ - Statystyki

Ogólne statystyki
  • Ten quiz został rozwiązany 3 674 razy
  • Średni wynik to 40 z 45
Odpowiedzi na mapie
Odpowiedzi zakodowano w zielono-czerwonej skali na mapie do tego quizu, zgodnie z poniższymi procentami.
 
Statystyki odpowiedzi
Państwa % Poprawnych
Polska
99%
Portugalia
99%
Niemcy
97%
Francja
96%
Hiszpania
96%
Liechtenstein
96%
Litwa
96%
Rosja
96%
Szwajcaria
96%
Szwecja
96%
Włochy
95%
Czarnogóra
94%
Czechy
94%
Norwegia
94%
Ukraina
94%
Białoruś
93%
Finlandia
93%
Irlandia
93%
Lotwa
92%
Slowacja
92%
Slowenia
92%
Islandia
91%
Wielka Brytania
91%
Belgia
90%
Dania
90%
Estonia
90%
Holandia
90%
Austria
87%
Grecja
87%
Chorwacja
86%
Macedonia Północna
86%
Malta
86%
Moldawia
86%
Monako
86%
Andora
85%
Rumunia
85%
Watykan
85%
Luksemburg
83%
Węgry
83%
Albania
82%
Bośnia i Hercegowina
81%
San Marino
81%
Bułgaria
79%
Kosowo
77%
Serbia
77%
Nie znaleziono quizów pasujących do podanych kryteriów
Rozkład punktacji
Procent ludzi z każdym wynikiem
Percentyl według liczby udzielonych odpowiedzi
Twoja historia wyników
Nie rozwiązałeś tego quizu